El BPIN para principiantes / (Registro nro. 15539)

Detalles MARC
000 -LEADER
fixed length control field 01777nam a22002177a 4500
003 - CONTROL NUMBER IDENTIFIER
control field OSt
005 - DATE AND TIME OF LATEST TRANSACTION
control field 20210414151820.0
008 - FIXED-LENGTH DATA ELEMENTS--GENERAL INFORMATION
fixed length control field 210414s1998 ck ad||fr|||| 00| 0 spa d
020 ## - INTERNATIONAL STANDARD BOOK NUMBER
International Standard Book Number 9588025303
040 ## - CATALOGING SOURCE
Original cataloging agency CO-JMCR
Transcribing agency CO-JMCR
041 0# - LANGUAGE CODE
Language code of text/sound track or separate title spa
082 04 - DEWEY DECIMAL CLASSIFICATION NUMBER
Classification number 352.29 /
Item number D419b
Edition number 23
110 1# - MAIN ENTRY--CORPORATE NAME
Corporate name or jurisdiction name as entry element Colombia.
Subordinate unit Departamento Nacional de Planeación
9 (RLIN) 4087
245 13 - TITLE STATEMENT
Title El BPIN para principiantes /
Statement of responsibility, etc. Departamento Nacional de Planeación
250 ## - EDITION STATEMENT
Edition statement Primera edición
260 ## - PUBLICATION, DISTRIBUTION, ETC.
Place of publication, distribution, etc. Bogotá :
Name of publisher, distributor, etc. Departamento Nacional de Planeación,
Date of publication, distribution, etc. 1998
300 ## - PHYSICAL DESCRIPTION
Extent 40 páginas :
Other physical details ilustraciones y gráficas a blanco y negro ;
Dimensions 23 cm.
505 0# - FORMATTED CONTENTS NOTE
Formatted contents note ¿Qué no es el BPIN? -- ¿Qué es el BPIN? -- ¿Cuál es la misión del BPIN? -- ¿Cuáles son las funciones del BPIN? -- ¿Para qué sirve el BPIN? -- ¿Qué objetivos se buscan con el BPIN? -- ¿Qué motivó la creación de BPIN? -- ¿Cuándo fue creado el BPIN? -- ¿El proceso de implantación del BPIN m Colombia contó con el apoyo internacional? -- ¿Quiénes hacen parte del sistema BPIN? -- ¿Cómo está organizado el BPIN? -- Cuáles son los componentes del BPIN? -- ¿Cuáles son las funciones de a división de operación y sistema del BPIN? -- ¿Qué es la ficha EBI? -- ¿Cómo fluye la información sobre programas y proyectos de inversión pública desde las entidades hacia el BPIN? -- ¿En qué fecha se pueden registrar programas y proyectos en el BPIN? -- ¿Cuál es la visión del BPIN? -- ¿Cuál es la visión de la división de operación y sistemas del BPIN? -- ¿Cuál es la relación del BPIN con los bancos departamentales y municipales de programas y proyectos? -- ¿Cómo comunicarse con el administrador del BPIN?
650 14 - SUBJECT ADDED ENTRY--TOPICAL TERM
Topical term or geographic name entry element Proyectos de desarrollo
General subdivision Financiación
Geographic subdivision Colombia
9 (RLIN) 36841
942 ## - ADDED ENTRY ELEMENTS (KOHA)
Source of classification or shelving scheme Dewey Decimal Classification
Koha item type Books
Existencias
Withdrawn status Lost status Source of classification or shelving scheme Damaged status Not for loan Collection code Home library Current library Date acquired Source of acquisition Total Checkouts Full call number Barcode Date last seen Copy number Price effective from Koha item type
    Dewey Decimal Classification     Non-fiction Biblioteca Pública José María del Castillo y Rada Biblioteca Pública José María del Castillo y Rada 04/15/2018 Donación   352.29 / D419b 201810942 05/16/2024 Ej.1 04/14/2021 Books